000
00260nam a22001217a 4500
008
181023b xxu||||| |||| 00| 0 eng d
041
_a
eng
080
_a
371
100
_a
46
101
_a
EDU
245
_a
College Success
_c
Strickland, D.L
942
_2
udc
_c
BK
999
_c
50706
_d
50706